000 00383pam a2200157a 44500
008 230515b1986 xxu||||| |||| 00| 0 eng d
020 _aNULL
041 _aENGLISH
082 _aN.D.
100 _aNULL
245 _aIndian Std. Specification For Plug & Ring Gauges For Self Noiding Topers
250 _a0
260 _aNULL
_bIndian Std.
_c1986
300 _a8
650 _aNULL
999 _c574394
_d574394